000 01124cab a22002415a 4500
001 L147394
008 090508e20090502xxkad f v 000 0 eng d
035 _a(Sirsi) u147394
041 0 _aeng
100 1 _aStevens-Hoare, Michelle
245 0 2 _aA responsibility that is best avoided
260 _c2009
490 0 _aEstates Gazette
_v(0917) 2 May 2009, 95(1)
520 _aExplains landlords' liabilities for supply of utilities to their premises where the tenant has left the property. Examines the terms and constraints applicable to deemed contracts which can arise between a landlord and utility providers when a tenant leaves and the rules and provisions applied by Ofgem. Outlines the typical provisions of deemed contracts for utility supply. Offers advice to landlords with empty premises.
590 _aKA
650 2 4 _aELECTRICITY ACT 1989 S6
650 2 4 _aUTILITIES ACT 2000 S4
650 2 4 _aGAS ACT 1986 S2(B)
651 4 _aEngland and Wales
_y1543-
690 _aPROPERTY-COMMERCIAL PROPERTY-LEASEHOLD COMMERCIAL PROPERTY-COMMERCIAL LANDLORD AND TENANT
700 1 _aBoniface, Dianne
942 _n0
999 _c81522
_d81522